00904nam a2200229 a 450000100060000000300080000600500170001400800410003103500290007204000450010104100080014608200180015410000300017224501130020226000630031530000250037849000900040350400500049365000150054365000260055883000900058433620BD-RjUL20211209052032.0140510r19671958enk b 001 0 eng c a(BD-RjUL)33711a58-03472 aWisconsin. Univ. LibrcITDdBD-RjULbeng aeng a301bSTS 19671 aStark, Wernerd1909-1985.14aThe sociology of knowledge :ban essay in aid of a deeper understanding of the history of ideas /cW. Stark. aLondon :bRoutledge & Kegan Paul,c1958 [Impression 1967]. axi, 356 p. ;c22 cm.1 aInternational library of sociology and social reconstruction / Routledge & Kegan Paul aIncludes bibliographical footnotes and index. 0aSociology. 0aKnowledge, Theory of. 0aInternational library of sociology and social reconstruction (Routledge & Kegan Paul)